Szczegóły MARC21

Makroekonomia : zbiór zadań

005 -DATA I CZAS OSTATNIEJ MODYFIKACJI [,]
    • @
    • pole kontrolne
    • 20070919114751.0
020 -Międzynarod. znormalizowany nr książki - ISBN [ , ]
    • a
    • Numer ISBN
    • 8392198603 Find
    • z
    • Błędny ISBN (P)
    • 8392198611 Find
040 -Instytucja sporządzająca opis [ , ]
    • a
    • Instytucja, która sporządziła opis (NP)
    • SZCZ U
    • c
    • Instytucja, która sporządziła rekord (NP)
    • SZCZ U
    • d
    • Instytucja, która zmodyfikowała rekord (P)
    • SZCZ U/JŚ
041 -Język dokumentu [0, ]
    • a
    • Język tekstu (P)
    • polski
044 -Kraj miejsca wydania [ , ]
    • a
    • Kraj miejsca wydania
    • Polska
942 -Rodzaj dokumentu [ , ]
    • c
    • Rodzaj dokumentu
    • Książka
100 -Hasło główne - nazwa osobowa [1, ]
    • a
    • Nazwa osobowa (NP)
    • Grabowska-Pieśla, Anna
245 -Strefa tytułu i oznaczenia odpowiedzialności [1,0]
    • a
    • Tytuł
    • Makroekonomia : Find
    • b
    • Ciąg dalszy tytułu (NP)
    • zbiór zadań Find
    • c
    • Pozostałe elementy strefy tytułu i oznaczenia odpowiedzialności (NP)
    • Anna Grabowska-Pieśla, Magdalena Majchrzak.
260 -Strefa adresu wydawniczego [ , ]
    • a
    • Miejsce wydania (P)
    • Szczecin :
    • b
    • Nazwa wydawcy (P)
    • "Economicus",
    • c
    • Data wydania (P)
    • 2005. -
300 -Strefa opisu fizycznego [ , ]
    • a
    • Określenie formy książki i/lub objętość (NP)
    • 121 s. :
    • b
    • Oznaczenie ilustracji (NP)
    • il. ;
    • c
    • Format (NP)
    • 24 cm.
080 -Uniwersalna Klasyfikacja Dziesiętna [ , ]
    • 2
    • Identyfikator wydania tablic
    • UDC-P058
    • a
    • Symbol klasyfikacji
    • 330.101.541
    • b
    • Dopowiedzenie
    • Makroekonomia.
    • x
    • Poddział wspólny
    • (075.8)
    • b
    • Dopowiedzenie
    • (Podręczniki dla szkół wyższych. Skrypty).
    • x
    • Poddział wspólny
    • (076)
    • b
    • Dopowiedzenie
    • (Materiały do ćwiczeń praktycznych. Zadania. Pytania i rozwiązania. Teksty programowane.).
980 -Symbol UKD [ , ]
    • a
    • UKD
    • 330.101.541(075.8)(076)
700 -Hasło dodatkowe - nazwa osobowa [1, ]
    • a
    • Nazwa osobowa (NP)
    • Majchrzak, Magdalena Find
920 -ISBN [ , ]
    • a
    • ISBN
    • 83-921986-0-3 Find
    • z
    • Błędny ISBN
    • 83-921-986-1-1 Find
Lokalizacja Data inwentaryzacji Status udost. Numer inwentarzowy Sygnatura
T2005-09-19-2T.8726 
T2005-09-19-3TM.3423 
T2005-09-19-3TM.3424 
T2005-09-19-3TM.3425 
T2005-09-19-3TM.3426 
T2005-10-04-3T.8732T.8732
T2005-10-04-3TM.3442 
T2005-10-04-3TM.3443 
T2005-10-04-3TM.3444 
T2005-10-04-3TM.3445 
T2006-02-15-6TM.3865 
T2006-02-15-3TM.3866 
T2006-02-15-3TM.3867 
T2006-02-15-3TM.3868 
T2006-02-15-3TM.3869 
T2007-08-27-3TM.4799 
T2007-08-27-3TM.4798 
T2008-11-13-3TM.5999 
T2009-04-27-3TM.6513 
T2009-08-18-3TM.6788 
T2009-10-29-3TM.6914 
T2010-05-19-3TM.7166 
T2010-05-19-3TM.7167 
T2010-05-20-3TM.7203 
T2010-10-08-3TM.7379